words start M [250 common english word] - Statistics

General Stats
  • This quiz has been taken 12 times
  • The average score is 12 of 16
Answer Stats
lp Answer % Correct
2 man
100%
4 me
100%
3 men
100%
6 mean
92%
5 my
92%
1 may
83%
7 more
83%
8 most
83%
13 make
75%
11 might
75%
10 must
75%
12 made
67%
14 much
58%
15 many
42%
9 move
42%
16 mother
33%
No matching quizzes found
Score Distribution
Percent of People with Each Score
Percentile by Number Answered
Your Score History
You have not taken this quiz